The Multilateral system of payments (Record no. 51765)

MARC details
000 -LEADER
fixed length control field 00578nam a2200145 a 4500
008 - FIXED-LENGTH DATA ELEMENTS--GENERAL INFORMATION
fixed length control field 120416s1981 ||||||||||||||||| || u
050 ## - LIBRARY OF CONGRESS CALL NUMBER
Classification number IMF(08)
100 ## - MAIN ENTRY--PERSONAL NAME
Personal name Gold, Joseph
245 14 - TITLE STATEMENT
Title The Multilateral system of payments
246 ## - VARYING FORM OF TITLE
Title proper/short title keynes, covertibility, and the international monetary fund's articles of agreement
260 ## - PUBLICATION, DISTRIBUTION, ETC.
Place of publication, distribution, etc. Washington, D. C.
Name of publisher, distributor, etc. International Monetary Fund
Date of publication, distribution, etc. 1981
300 ## - PHYSICAL DESCRIPTION
Extent iii, 31p. : ill.
350 ## - PRICE (NR) (BK AM CF MU VM SE) [OBSOLETE]
Price 0.00
995 ## - RECOMMENDATION 995 [LOCAL, UNIMARC FRANCE]
-- 0.00
-- CBU-MAIN LIBRARY (Kitwe)
-- 1
-- 5.00
-- AVAILABLE
-- International Publications
Holdings
Withdrawn status Lost status Source of classification or shelving scheme Damaged status Not for loan Home library Current library Shelving location Date acquired Total Checkouts Full call number Barcode Date last seen Price effective from Koha item type
          CBU-MAIN LIBRARY, KITWE. CBU-MAIN LIBRARY, KITWE.   11/30/2022   IMF(08) 9020418 11/30/2022 11/30/2022 MONOGRAPH